Statistics for Demi Lovato Filmography

Click here to take the quiz!

General Stats

  • This quiz has been taken 60 times
    (3 since last reset)
  • The average score is 10 of 66

Answer Stats

TypeYearName% Correct
TV Film2008Camp Rock
100%
TV Film2010Camp Rock 2: The Final Jam
100%
TV Film2009Princess Protection Program
100%
TV Show2009-2011Sonny with a Chance
100%
TV Show2002-2004Barney & Friends
67%
Documentary Series2021Demi Lovato: Dancing with the Devil
67%
Film2017Smurfs: The Lost Village
67%
DocumentaryTBAChild Star
33%
Documentary2017Demi Lovato: Simply Complicated
33%
TV Documentary2012Demi Lovato: Stay Strong
33%
Film2020Eurovision Song Contest: The Story of Fire Saga
33%
TV Show2010Grey's Anatomy
33%
Concert Film2009Jonas Brothers: The 3D Concert Experience
33%
TV Special2020The Disney Family Singalong
33%
TV Show2023The Masked Singer
33%
TV Show2017The Voice of Germany
33%
TV Show2012-2013The X Factor
33%
Documentary Series2021Unidentified with Demi Lovato
33%
Award Show20122012 Teen Choice Awards
0%
Award Show202046th People's Choice Awards
0%
TV Show2010America's Next Top Model
0%
TV Show2007-2008As the Bell Rings
0%
Web Special2023A Very Demi Holiday Special
0%
Documentary2008Be Like a Pop Star with Demi Lovato
0%
TV Documentary2014Beyond Candid with Giuliana: Demi Lovato
0%
Film2018Charming
0%
Web Series2021Cooking with Paris
0%
TV Show2013Dancing with the Stars
0%
TV Show2023Dave
0%
Web Special2020Dear Class of 2020
0%
Documentary2013Demi Lovato: Her Life, Her Story
0%
TV Show2008Disney Channel Games
0%
TV Show2010, 2011Extreme Makeover: Home Edition
0%
Commercial2017Fabletics
0%
TV Show2015From Dusk till Dawn: The Series
0%
TV Show2020Game On!
0%
TV Show2013-2014Glee
0%
TV Special2020iHeart Living Room Concert for America
0%
TV Special2014iHeartRadio Live! with Demi Lovato
0%
TV Show2008Jonas Brothers: Living the Dream
0%
TV Show2007Just Jordan
0%
TV Show2018Keeping Up with the Kardashians
0%
Web Series2009KSM: Read Between the Lines
0%
Web Series2021Legendary
0%
Documentary2017Louder Together
0%
TV Show2014Matador
0%
TV Special2017One Love Manchester
0%
Web Special2020Pepsi: Unmute Your Voice
0%
TV Show2006Prison Break
0%
TV Show2017Project Runway
0%
TV Show2012Punk'd
0%
TV Show2015RuPaul's Drag Race
0%
Commercial2014Secret Color
0%
Commercial2014-2016SKECHERS
0%
TV Show2017Sounds Like Friday Night
0%
TV Show2022Talking Dead
0%
Commercial2020-2021Talkspace
0%
Award Show2020The 2020 ESPY Awards
0%
TV Show2019The Bachelorette
0%
TV Show2020The Ellen DeGeneres Show
0%
Documentary Series2012This Is How I Made It
0%
Commercial2015Twister Moves
0%
TV Special2016Victoria's Secret Swim Special
0%
TV Special2015We Day
0%
TV Show2020Will & Grace
0%
Film2016Zoolander 2
0%

Score Distribution

Percentile by Number Answered

Percent of People with Each Score

Your Score History

You have not taken this quiz since the last reset